| 000 | 00348nam a22001457a 4500 | ||
|---|---|---|---|
| 008 | 221104b ||||| |||| 00| 0 eng d | ||
| 020 | _a9780205918393 | ||
| 041 | _aeng | ||
| 080 |
_2SEVENTH EDITION _a159.9 |
||
| 082 | _a159.9 HOC | ||
| 100 | _a25 | ||
| 101 | _aPSI | ||
| 245 |
_aFORTY STUDIES THAT CHANGED PSYCHOLOGY _cHOCK R |
||
| 942 |
_2udc _cBK |
||
| 999 |
_c58732 _d58732 |
||